Diskriminácia na pracovisku

Zákaz diskriminácie v pracovnoprávnych vzťahoch, zásada rovnakého zaobchádzania. Priama a nepriama diskriminácia. Antidiskriminačný zákon. Výnimky zo zákazu diskriminácie. Porušenie zákazu diskriminácie, konanie vo veci porušenia.

Salvato in:
Dettagli Bibliografici
Autore principale: Boráková, Lucia
Natura: Capitolo di libro
Lingua:slovacco
Soggetti:
Tags: Aggiungi Tag
Nessun Tag, puoi essere il primo ad aggiungerne!!

MARC

LEADER 00000naa a2200000 4500
001 0186690
005 20231120134205.7
041 0 |a slo 
044 |a SK 
245 1 0 |a Diskriminácia na pracovisku  |c Lucia Boráková 
520 |a Zákaz diskriminácie v pracovnoprávnych vzťahoch, zásada rovnakého zaobchádzania. Priama a nepriama diskriminácia. Antidiskriminačný zákon. Výnimky zo zákazu diskriminácie. Porušenie zákazu diskriminácie, konanie vo veci porušenia. 
610 2 0 |a vzťahy pracovnoprávne 
610 2 0 |a diskriminácia 
610 2 0 |a diskriminácia pracovná 
100 1 |a Boráková, Lucia